000 00694nam a22001937a 4500
999 _c11062
_d11062
003 AR-CdUCM
008 190402b ||||| |||| 00| 0 spa d
040 _aMUNICIPALIDAD PROVINCIAL DEL CUSCO
_cBIBLIOTECA MUNICIPAL DEL CUSCO
082 _23ed.
_a635 /
_bP43 / 1948
100 _aPeña, Rogelio
_925620
245 _aJardinería y floricultura /
260 _aBarcelona :
_bJosé Montesó,
_c1948.
300 _a471 páginas ;
_bIlustraciones,
_c18.5 cm.
505 _aContenido: Proyecto, trazado y ejecución del jardín -- Operaciones de cultivo -- Flores y plantas ornamentales.
650 _aJardinería
_919750
650 _aFloricultura
_922663
942 _2ddc
_cLIBROS
945 _aacv